Vista normal
Vista MARC
Entrada Nombre geográfico
Número de registros utilizados en: 3
001 - NÚMERO DE CONTROL
- campo de control: 53411
003 - IDENTIFICADOR DEL NÚMERO DE CONTROL
- campo de control: OSt
005 - FECHA Y HORA DE LA ÚLTIMA TRANSACCIÓN
- campo de control: 20211118114310.0
008 - DATOS DE LONGITUD FIJA
- campo de control de longitud fija: 200615|| aca||aabn | a|a d
040 ## - FUENTE DE LA CATALOGACIÓN
- Centro catalogador/agencia de origen: OSt
- Centro/agencia transcriptor: OSt
151 ## - ENCABEZAMIENTO--NOMBRE GEOGRÁFICO
- Nombre geográfico: Palma Sola (San Juan, República Dominicana)
451 ## - TRAZADO DE VÉASE--NOMBRE GEOGRÁFICO
- Nombre geográfico: Palma Sola (San Juan de la Maguan, República Dominicana)
670 ## - FUENTE DE DATOS ENCONTRADOS
- Cita de la fuente: Work cat.: (OSt)25874: Figuereo Agramonte, Leopoldo, 1953- 53408, De Liborio a Palma Sola /, 1999.
670 ## - FUENTE DE DATOS ENCONTRADOS
- Cita de la fuente: Marina Méndez, A. Palma Sola-- desde el sol ... 1986:
781 ## - ENTRADA DE ENLACE DE SUBDIVISIÓN--SUBDIVISIÓN GEOGRÁFICA
- Subdivisión geográfica: República Dominicana
- Subdivisión geográfica: Palma Sola (San Juan)
